Liquid crystalline order in polymers (Record no. 31929)

MARC details
000 -LEADER
fixed length control field 00347nam a2200133Ia 4500
082 ## - DEWEY DECIMAL CLASSIFICATION NUMBER
Classification number 678:66.065.5
Item number BLU;1
245 #0 - TITLE STATEMENT
Title Liquid crystalline order in polymers
260 ## - PUBLICATION, DISTRIBUTION, ETC. (IMPRINT)
Place of publication New York
Name of publisher Academic
Year of publication 1978
650 ## - SUBJECT ADDED ENTRY--TOPICAL TERM
Topical Term Block copolymers
650 ## - SUBJECT ADDED ENTRY--TOPICAL TERM
Topical Term Polypeptide
700 ## - ADDED ENTRY--PERSONAL NAME
Personal name Blumstein, A
942 ## - ADDED ENTRY ELEMENTS (KOHA)
Koha item type Books
Holdings
Withdrawn status Lost status Damaged status Not for loan Home library Current library Date acquired Cost, normal purchase price Full call number Accession Number Koha item type
        RRII Library RRII Library 16/12/2021 29.50 678:66.065.5 BLU;1 12461 Books